| 000 | 00655nam a2200193Ia 4500 | ||
|---|---|---|---|
| 999 |
_c4380 _d4380 |
||
| 001 | 11983647 | ||
| 003 | OCoLC | ||
| 005 | 20181205152636.0 | ||
| 008 | 850430s1980 cau 000 0 eng d | ||
| 040 |
_aTCT _cTCT _dBGU |
||
| 082 |
_a248.5 _bL911W |
||
| 090 |
_aBV4520 _b.L6 1980 |
||
| 100 | 1 |
_aLovett, C. S. _q(Cummings Samuel) _d1917- |
|
| 245 | 1 | 0 |
_aWitnessing made easy : _bthe ladder-method / _cby C. S. Lovett ; cover design by Al Jamison ; illustrated by Marjorie Lovett and Linda Lovett |
| 260 |
_aBaldwin Park, Ca. : _bPersonal Christianity, _c1980 |
||
| 300 |
_a255 p. : _bill. ; _c21 cm |
||
| 650 | 0 | _aWitness bearing (Christianity) | |
| 942 |
_2ddc _cBK |
||